| 000 | 00479nam a22001692 4500 | ||
|---|---|---|---|
| 001 | 0000024660 | ||
| 005 | 20151217161645.0 | ||
| 008 | 140123s xx 000 0 eng d | ||
| 040 |
_aKABU _cKABU |
||
| 100 | 1 |
_aOlao, Amanda Nerea. _@0000185042 |
|
| 245 | 1 | 3 |
_aAn Analysis of the legality of targeted killings under international law / _cAmanda Nerea Olao. |
| 250 | _a58. | ||
| 260 | _c2013. | ||
| 908 | _a140123 | ||
| 950 | _@1 | ||
| 999 |
_c15502 _d15502 |
||